000 01001nam a2200241 a 4500
001 80813
003 BD-RjUL
005 20231018102650.0
008 221121s2012 bg a|||| m||| 00| 0 eng d
035 _a(BD-RjUL)80813
040 _aBD-RjUL
_beng
_cBD-RjUL
_dBD-RjUL
041 _aeng
082 _223
_a660.284248
_bKAS 2012
100 _aKarmakar, Aneek Krishna
_95936
245 1 0 _aSolvent Extraction of Ti(IV) and V(IV) by Cyanex 301 and Cyanex 302 and Application of Yates Experimental Design /
_cAneek Krishna Karmakar ;
_6Supervisor : Ranjit Kumar Biswas
260 _aRajshahi :
_bDepartment of Applied Chemistry and Chemical Engineering, University of Rajshahi,
_c2012.
300 _a[9], 416 leaves :
_bill.;
_c29 cm.
502 _aThesis(Ph.D.)-- Department of Applied Chemistry and Chemical Engineering,University of Rajshahi,2012
504 _aReferences : Leaves 347-376
650 _aSolvent Extraction
_94831
700 _aBiswas, Ranjit Kumar, Supervisor
_95937
942 _2ddc
_cTHE
999 _c80813
_d80813